000
00419nam a2200169Ia 4500
008
090711s9999 xx 000 0 und d
082
_b
78638
100
_a
पै शिरीष
245
_a
सय
260
_b
दिलिप प्रकाशन
_c
1996
300
_a
176
600
_a
पै शिरीष
630
_a
सय
700
_a
पै शिरीष
730
_a
सय
942
_c
BOOK
999
_c
292630
_d
292630